|
|
|
|
| LEADER |
00000cam a2200000 7i4500 |
| 001 |
0000043321 |
| 005 |
20040518093000.0 |
| 008 |
030617s1982 |
| 020 |
|
|
|a 0882841254
|
| 090 |
0 |
0 |
|a HF5718
|b .F44
|
| 100 |
0 |
|
|a Feinberg, Lilian ,
|e author
|
| 245 |
1 |
0 |
|a Applied business communication
|c Lilian O. Feinberg
|f assisted by Mary C. Thompson
|
| 260 |
2 |
|
|a Sherman Oaks, Calif. :
|b Alfred Publishing ,
|c c1982
|
| 300 |
|
|
|a xix, 585 p. :
|b ill. ;
|c 25 cm.
|
| 504 |
|
|
|a Includes bibliographical references and index
|
| 650 |
|
0 |
|a Communication in management
|
| 700 |
0 |
|
|a Thompson, Mary C. ,
|e author
|
| 999 |
|
|
|a 1000012555
|b Book
|c OPEN SHELF (30 DAYS)
|e Gong Badak Campus
|
| 999 |
|
|
|a 1000012556
|b Book
|c OPEN SHELF (30 DAYS)
|e Gong Badak Campus
|
| 999 |
|
|
|a 1000036563
|b Book
|c OPEN SHELF (30 DAYS)
|e Gong Badak Campus
|